| 000 | 00592nam a22001937a 4500 | ||
|---|---|---|---|
| 005 | 20220718163619.0 | ||
| 008 | 220718b ||||| |||| 00| 0 eng d | ||
| 040 | _cAL | ||
| 041 | _aEnglish | ||
| 082 |
_223 _a327.540 _bUNIP |
||
| 100 |
_aUnited steelworkers of America _950930 |
||
| 245 | _aPolicy Resolutions of the United Steelworkers of America | ||
| 260 |
_aNevada _bUnited steelworkers of America _c1972 |
||
| 300 |
_a107 p. _bPB _c22x15 cm. |
||
| 650 |
_aUnion Mergers _950931 |
||
| 650 |
_aUnion Label _950932 |
||
| 700 |
_aUNITED STEELWORKERS OF AMERICA _950933 |
||
| 942 |
_2ddc _cGF |
||
| 999 |
_c223942 _d223942 |
||